000 00207nam a2200085Ia 4500
008 120527s9999 xx 000 0 und d
100 _aWeinberger, E.
245 _aPrinciples of Dulmonary medicine
942 _cBK
999 _c27400
_d27400